Risk management : Řízení rizika ve firmě

Gespeichert in:
Bibliographische Detailangaben
Hauptverfasser: Merna, Tony (Verfasst von), Al-Thani, Faisal F. (Verfasst von)
Format: Buch
Sprache:Tschechisch
Veröffentlicht: Brno : Computer Press, 2007
Ausgabe:1. vyd
Schlagworte:
Online-Zugang:OBSAH
Tags: Tag hinzufügen
Keine Tags, Fügen Sie das erste Tag hinzu!

MARC

LEADER 00000nam a22000003a 4500
001 stu141032
005 20150617225929.7
008 070509s2007----xr------------------cze-d
020 |a 978-80-251-1547-3 
040 |a STU  |b slo 
041 0 |a cze 
044 |a xr 
080 |a 65.011.3 
100 1 |a Merna, Tony  |4 aut 
245 1 |a Risk management :  |b Řízení rizika ve firmě 
250 |a 1. vyd 
260 |a Brno :  |b Computer Press,  |c 2007 
300 |a 194 s 
650 7 |a rizikový manažment  |2 stusub 
650 7 |a rizikové faktory  |2 stusub 
650 7 |a typy rizika  |2 stusub 
700 1 |a Al-Thani, Faisal F.  |4 aut 
856 4 |a https://sweb.mtf.stuba.sk/obsahy/risk_management_rizeni_rizik_ve_firme_07.pdf  |u https://sweb.mtf.stuba.sk/obsahy/risk_management_rizeni_rizik_ve_firme_07.pdf  |3 OBSAH 
996 |b 284M076105  |c M*12124-2  |l MMKN  |s A  |a 24  |w stu141032_0001 
996 |b 284M076104  |c M*12124-1  |l MMKN  |s A  |a 24  |w stu141032_0002 
996 |b 284M076106  |c M*12124-3  |l MMKN  |s A  |a 24  |w stu141032_0003 
996 |b 284M076107  |c M*12124-4  |l MMKN  |s A  |a 24  |w stu141032_0004 
996 |b 284M076108  |c M*12124-5  |l MMKN  |s A  |a 24  |w stu141032_0005